[Event "EU-ch blitz"]
[Site "Minsk"]
[Date "2015.12.18"]
[Round "9.29"]
[White "Fomin, Taras"]
[Black "Short, Nigel D"]
[Result "0-1"]
[WhiteElo "2312"]
[BlackElo "2684"]
[PlyCount "118"]
[EventDate "2015.12.18"]
[EventType "swiss (blitz)"]
[EventRounds "22"]
[EventCountry "BLR"]
[SourceTitle "EXT 2017"]
[Source "ChessBase"]
[SourceDate "2016.10.25"]
[SourceVersion "1"]
[SourceVersionDate "2016.10.25"]
[SourceQuality "1"]

1. e4 e5 2. Nf3 Nc6 3. Nc3 Nf6 4. d4 exd4 5. Nxd4 Bb4 6. Nxc6 bxc6 7. Bd3 0-0 8. 0-0 Re8 9. Qf3 Rb8 10. Bg5 h6 11. Bxf6 Qxf6 12. Qxf6 gxf6 13. a3 Bxc3 14. bxc3 d6 15. Rab1 Bd7 16. Rb3 c5 17. Rfb1 Rb6 18. f3 Ba4 19. Rxb6 axb6 20. Kf2 Ra8 21. Ke3 Kf8 22. Kd2 Bc6 23. Ra1 Ke7 24. Kc1 Rg8 25. g3 f5 26. exf5 Bxf3 27. Kb2 Kf6 28. Rf1 Bc6 29. Rf4 Re8 30. Rh4 Kg5 31. h3 h5 32. Rf4 Re3 33. h4+ Kf6 34. g4 hxg4 35. Rxg4 d5 36. c4 d4 37. Rg8 Bd7 38. Rg5 Rh3 39. Rh5 Rf3 40. Kc1 Bxf5 41. Bxf5 Rxf5 42. Rh6+ Kg7 43. Rc6 Rf3 44. Rxc7 Rxa3 45. Rc6 Rc3 46. Rxb6 d3 47. Kd2 dxc2 48. Kc1 Rxc4 49. h5 Rh4 50. Kxc2 Rxh5 51. Rb5 Re5 52. Kd3 Kg6 53. Rb8 f5 54. Rg8+ Kh5 55. Kc4 f4 56. Kd3 Kh4 57. Kc4 f3 58. Kd3 Kh3 59. Rh8+ Kg2 0-1

[Event "EU-ch blitz"]
[Site "Minsk"]
[Date "2015.12.18"]
[Round "10.29"]
[White "Short, Nigel D"]
[Black "Fomin, Taras"]
[Result "0-1"]
[WhiteElo "2684"]
[BlackElo "2312"]
[PlyCount "108"]
[EventDate "2015.12.18"]
[EventType "swiss (blitz)"]
[EventRounds "22"]
[EventCountry "BLR"]
[SourceTitle "EXT 2017"]
[Source "ChessBase"]
[SourceDate "2016.10.25"]
[SourceVersion "1"]
[SourceVersionDate "2016.10.25"]
[SourceQuality "1"]

1. e4 e5 2. Nf3 Qe7 3. Nc3 c6 4. d4 d6 5. a4 Nf6 6. b3 exd4 7. Qxd4 Bg4 8. Be2 Nbd7 9. 0-0 Ne5 10. Qe3 Bxf3 11. Bxf3 Nxf3+ 12. Qxf3 Qe5 13. Bb2 Be7 14. Rab1 Qh5 15. Qg3 0-0 16. Rbd1 Rad8 17. h3 Qg6 18. Qe3 b6 19. f4 d5 20. f5 Qh5 21. Qf3 Qxf3 22. gxf3 dxe4 23. fxe4 Rfe8 24. Kg2 Bc5 25. Kf3 Bd4 26. Rd3 Nxe4 27. Nxe4 Bxb2 28. Nd6 Rf8 29. Rfd1 Bf6 30. Nc4 Rxd3+ 31. Rxd3 Rd8 32. Rxd8+ Bxd8 33. Ne5 Bc7 34. Nxc6 a5 35. c3 Kf8 36. b4 Ke8 37. bxa5 bxa5 38. Ke4 g6 39. c4 Kd7 40. Nd4 g5 41. Nf3 f6 42. Kd5 h5 43. Nd2 g4 44. hxg4 hxg4 45. c5 g3 46. Nf3 g2 47. c6+ Ke7 48. Kc5 Bh2 49. Kb5 g1Q 50. Nxg1 Bxg1 51. Kxa5 Kd6 52. Kb5 Kc7 53. a5 Bf2 54. Kc4 Kxc6 0-1

[Event "Nezhmetdinov Memorial rapid 37th"]
[Site "Kazan"]
[Date "2015.05.29"]
[Round "2"]
[White "Vorobiov, Evgeny E"]
[Black "Fomin, Taras"]
[Result "1-0"]
[WhiteElo "2579"]
[BlackElo "2312"]
[PlyCount "85"]
[EventDate "2015.05.29"]
[EventType "swiss (rapid)"]
[EventRounds "9"]
[EventCountry "RUS"]
[SourceTitle "CBM 166 Extra"]
[Source "ChessBase"]
[SourceDate "2015.06.18"]
[SourceVersion "1"]
[SourceVersionDate "2015.06.18"]
[SourceQuality "1"]

1. d4 d5 2. c4 dxc4 3. Nf3 Nf6 4. e3 e6 5. Bxc4 a6 6. 0-0 b5 7. Bb3 c5 8. a4 b4 9. e4 cxd4 10. e5 Nd5 11. Nbd2 Bb7 12. Nc4 Nd7 13. Bg5 Qb8 14. Qxd4 Bc5 15. Qg4 h6 16. Bd2 g5 17. Na5 Qc7 18. Nxb7 Qxb7 19. Rac1 Be7 20. Qd4 Rg8 21. Qe4 Rg6 22. Nd4 Nc5 23. Rxc5 Bxc5 24. Nxe6 fxe6 25. Qxg6+ Qf7 26. Qxh6 0-0-0 27. Bxg5 Rd7 28. Bf6 Kb7 29. g3 Bd4 30. Qd2 Nxf6 31. Qxb4+ Ka7 32. exf6 Qxf6 33. Qc4 e5 34. Bc2 Bb6 35. Bd3 Bd4 36. Be4 Rf7 37. Qd5 Qe7 38. a5 Rf8 39. Kg2 Rb8 40. b3 Rd8 41. Qc6 Qf7 42. f3 Be3 43. Rd1 1-0

[Event "Samara Mayak Rating"]
[Site "Samara"]
[Date "2008.03.28"]
[Round "6"]
[White "Strokov, Anatoli"]
[Black "Fomin, Taras"]
[Result "1/2-1/2"]
[WhiteElo "2204"]
[BlackElo "2320"]
[PlyCount "48"]
[EventDate "2008.03.23"]
[EventType "tourn"]
[EventRounds "9"]
[EventCountry "RUS"]
[SourceTitle "EXT 2022"]
[Source "ChessBase"]
[SourceDate "2021.10.06"]
[SourceVersion "1"]
[SourceVersionDate "2021.10.06"]
[SourceQuality "1"]

1. e4 c5 2. Nf3 Nc6 3. d4 cxd4 4. Nxd4 e5 5. Nb5 d6 6. N1c3 a6 7. Na3 b5 8. Nd5 Nce7 9. c4 Nxd5 10. Qxd5 Be6 11. Qd1 bxc4 12. Bxc4 Nf6 13. 0-0 Be7 14. Qe2 0-0 15. Bg5 Qb6 16. Rac1 Rfc8 17. Bxe6 fxe6 18. Nc4 Qb8 19. b3 Ra7 20. Rcd1 Rf8 21. Na5 Qa8 22. Bxf6 gxf6 23. Qg4+ Kh8 24. Qxe6 Qxe4 1/2-1/2

[Event "Samara Mayak Rating"]
[Site "Samara"]
[Date "2008.03.27"]
[Round "5"]
[White "Fomin, Taras"]
[Black "Pogorelskikh, Sergey"]
[Result "1/2-1/2"]
[WhiteElo "2320"]
[BlackElo "2283"]
[PlyCount "36"]
[EventDate "2008.03.23"]
[EventType "tourn"]
[EventRounds "9"]
[EventCountry "RUS"]
[SourceTitle "EXT 2022"]
[Source "ChessBase"]
[SourceDate "2021.10.06"]
[SourceVersion "1"]
[SourceVersionDate "2021.10.06"]
[SourceQuality "1"]

1. e4 Nc6 2. d4 e5 3. d5 Nce7 4. Be3 f5 5. f3 Nf6 6. Nc3 d6 7. Qd2 g6 8. 0-0-0 Bg7 9. h3 f4 10. Bf2 0-0 11. Kb1 a6 12. Nge2 Bd7 13. Nc1 b5 14. a3 Qb8 15. Nb3 Rd8 16. Na5 c5 17. dxc6 Nxc6 18. Nd5 Nxa5 1/2-1/2

[Event "Samara Mayak Rating"]
[Site "Samara"]
[Date "2008.03.24"]
[Round "2"]
[White "Blatov, Igor"]
[Black "Fomin, Taras"]
[Result "1/2-1/2"]
[WhiteElo "2328"]
[BlackElo "2320"]
[PlyCount "61"]
[EventDate "2008.03.23"]
[EventType "tourn"]
[EventRounds "9"]
[EventCountry "RUS"]
[SourceTitle "EXT 2022"]
[Source "ChessBase"]
[SourceDate "2021.10.06"]
[SourceVersion "1"]
[SourceVersionDate "2021.10.06"]
[SourceQuality "1"]

1. e4 c5 2. Nf3 Nc6 3. Nc3 e5 4. Bc4 d6 5. d3 Be7 6. Nd2 Bg5 7. Qh5 Nh6 8. h3 0-0 9. Nf3 Bxc1 10. Rxc1 Nd4 11. Nxd4 cxd4 12. Nd5 Be6 13. 0-0 Kh8 14. f4 f6 15. Qe2 Ng8 16. c3 dxc3 17. Rxc3 Rc8 18. Ne3 Bxc4 19. dxc4 exf4 20. Rxf4 Ne7 21. Nf5 Nxf5 22. exf5 d5 23. Rd4 Qb6 24. Qf2 dxc4 25. Rdxc4 Qxf2+ 26. Kxf2 Rxc4 27. Rxc4 Kg8 28. Ke3 Re8+ 29. Re4 Kf7 30. Rxe8 Kxe8 31. Kd4 1/2-1/2

[Event "Russia CC-ch"]
[Site "Russia"]
[Date "2007.03.29"]
[Round "8"]
[White "Fomichev, Sergey"]
[Black "Fomin, Taras"]
[Result "1/2-1/2"]
[WhiteElo "2095"]
[BlackElo "2336"]
[PlyCount "43"]
[EventDate "2007.03.17"]
[EventType "tourn"]
[EventRounds "9"]
[EventCountry "RUS"]
[SourceTitle "EXT 2008"]
[Source "ChessBase"]
[SourceDate "2007.11.25"]
[SourceVersion "1"]
[SourceVersionDate "2007.11.25"]
[SourceQuality "1"]

1. e4 d5 2. exd5 Nf6 3. Bb5+ Bd7 4. Be2 Nxd5 5. d4 Bf5 6. a3 e6 7. c4 Nf6 8. Nf3 h6 9. 0-0 Nbd7 10. Nc3 Be7 11. Bf4 0-0 12. Qb3 Qc8 13. Nb5 Ne8 14. Qe3 c6 15. Nc3 Nef6 16. Ne5 c5 17. d5 exd5 18. cxd5 Re8 19. Qg3 Nxe5 20. Bxe5 Bg6 21. d6 Bd8 22. Bf3 1/2-1/2

[Event "Kstovo op"]
[Site "Kstovo"]
[Date "1994.??.??"]
[Round "4"]
[White "Fomin, Taras"]
[Black "Romanov, Oleg"]
[Result "1/2-1/2"]
[WhiteElo "2280"]
[BlackElo "2270"]
[PlyCount "89"]
[EventDate "1994.08.??"]
[EventType "swiss"]
[EventRounds "9"]
[EventCountry "RUS"]
[SourceTitle "CBM 042 Extra"]
[Source "ChessBase"]
[SourceDate "1994.11.01"]
[SourceVersion "1"]
[SourceVersionDate "1994.11.01"]
[SourceQuality "1"]

1. e4 e5 2. Nf3 Nc6 3. Nc3 Nf6 4. d4 exd4 5. Nxd4 Bb4 6. Nxc6 bxc6 7. Bd3 d5 8. exd5 Qe7+ 9. Qe2 Nxd5 10. Qxe7+ Bxe7 11. Bd2 0-0 12. 0-0-0 Rb8 13. Nxd5 cxd5 14. Bf4 Rb7 15. Rhe1 Be6 16. c3 c5 17. Be5 g6 18. Bc2 f6 19. Bf4 Bf7 20. Bb3 Rd8 21. Rd2 g5 22. Be3 c4 23. Ba4 Rc7 24. Bd4 Bg6 25. Rde2 Kf7 26. f3 Rb8 27. Re6 Bf5 28. Ra6 Bc8 29. Ra5 Be6 30. Bc2 Rcb7 31. b3 Bd8 32. Ra6 Bb6 33. Bxb6 axb6 34. bxc4 dxc4 35. Bxh7 f5 36. g4 fxg4 37. fxg4 Bxg4 38. Be4 Rc7 39. Rg1 Bc8 40. Ra4 Kf6 41. Rb4 Rc5 42. Rd1 Be6 43. a4 Ke5 44. Re1 Kd6 45. Rb2 1/2-1/2

[Event "Kstovo op"]
[Site "Kstovo"]
[Date "1994.??.??"]
[Round "8"]
[White "Fomin, Taras"]
[Black "Sidorov, Anatoly"]
[Result "1/2-1/2"]
[WhiteElo "2280"]
[BlackElo "2365"]
[PlyCount "60"]
[EventDate "1994.08.??"]
[EventType "swiss"]
[EventRounds "9"]
[EventCountry "RUS"]
[SourceTitle "CBM 042 Extra"]
[Source "ChessBase"]
[SourceDate "1994.11.01"]
[SourceVersion "1"]
[SourceVersionDate "1994.11.01"]
[SourceQuality "1"]

1. e4 c5 2. c3 e6 3. d4 cxd4 4. cxd4 d5 5. e5 Nc6 6. Nf3 Bd7 7. Nc3 Qb6 8. Be2 Nge7 9. 0-0 Nf5 10. Na4 Qa5 11. Bd2 Qd8 12. Be3 Qa5 13. Nc3 Qb6 14. a3 Na5 15. b4 Qc6 16. bxa5 Nxe3 17. fxe3 Qxc3 18. Bd3 Be7 19. Qb1 Rc8 20. Ra2 g6 21. Rc2 Qxa3 22. Qxb7 Rxc2 23. Bxc2 Qxe3+ 24. Kh1 Qc3 25. Rc1 Qxa5 26. Rb1 Bd8 27. Bd3 Qa4 28. Qb2 a5 29. Ra1 Qb4 30. Rb1 0-0 1/2-1/2